El futuro económico de Puerto Rico / (Record no. 173368)

MARC details
000 -LEADER
campo de control de longitud fija 00789nam a2200205 i 4500
001 - NÚMERO DE CONTROL
campo de control 173368
003 - IDENTIFICADOR DE NÚMERO DE CONTROL
campo de control ES-MaACL
005 - FECHA Y HORA DE LA ÚLTIMA TRANSACCIÓN
campo de control 20230906215225.0
008 - DATOS DE LONGITUD FIJA--INFORMACIÓN GENERAL
campo de control de longitud fija 091127s1956 pr |||| | eng d
080 ## - NÚMERO DE LA CLASIFICACIÓN DECIMAL UNIVERSAL
Número de la Clasificación Decimal Universal 338(729.5)"19"
080 ## - NÚMERO DE LA CLASIFICACIÓN DECIMAL UNIVERSAL
Número de la Clasificación Decimal Universal 32(729.5)"19"
100 1# - ENTRADA PRINCIPAL--NOMBRE DE PERSONA
Nombre de persona Perloff, Harvey S.
9 (RLIN) 91293
245 13 - MENCIÓN DEL TÍTULO
Título El futuro económico de Puerto Rico /
Mención de responsabilidad, etc. Harvey S. Perloff.
260 ## - PUBLICACIÓN, DISTRIBUCIÓN, ETC.
Lugar de publicación, distribución, etc. San Juan de Puerto Rico :
Nombre del editor, distribuidor, etc. Departamento de Instrucción, Sección de Publicaciones e Impresos,
Fecha de publicación, distribución, etc. [1956]
300 ## - DESCRIPCIÓN FÍSICA
Extensión 136 p. ;
Dimensiones 21 cm.
534 ## - NOTA SOBRE LA VERSIÓN ORIGINAL
Frase introductoria Condensación y rev. de la obra original, del mismo autor.
Mención de título del original Puerto Rico's economic future.
651 #4 - PUNTO DE ACCESO ADICIONAL DE MATERIA--NOMBRE GEOGRÁFICO
Nombre geográfico Puerto Rico-
Subdivisión general Situación económica.
9 (RLIN) 9291
710 1# - ENTRADA AGREGADA--NOMBRE DE ENTIDAD CORPORATIVA
Nombre de entidad corporativa o nombre de jurisdicción como elemento de entrada Puerto Rico.
Unidad subordinada Departamento de Instrucción Pública.
9 (RLIN) 6275
852 ## - LOCALIZACIÓN
Ubicación ES-MaACL
Número de control de estantería C-57028
Holdings
Estatus retirado Estado de pérdida Estado de daño No para préstamo Biblioteca de origen Biblioteca actual Ubicación en estantería Fecha de adquisición Fuente de adquisición Total de préstamos Signatura topográfica completa Código de barras Visto por última vez Precio de reemplazo Tipo de ítem Koha
        Biblioteca del Ateneo de Madrid Biblioteca del Ateneo de Madrid Depósito 2 27/11/2009     C-57028 1181945 23/02/2023 23/02/2023 Libro impreso